000 00348 a2200169 4500
001 182188
020 _a85-08-05312-6
040 _cMagnum
100 _aMacedo, Joaquim Manuel de
240 1 0 _aA moreninha
_lpor
245 1 0 _aA moreninha
300 _a135
362 0 _a1995
440 1 _aÁtica
697 _aLITERATURA GERAL
942 _cBK
999 _c182188
_d182188